Paul Newman Movies - Sudden Death - Statistics

General Stats
  • This quiz has been taken 36 times
  • The average score is 12 of 20
Answers on the Grid
Answers color-coded by a green-red scale on the quiz's grid according to % correct below.
Cool Hand Luke
Cat On A Hot Tin Roof
Hud
Towering Inferno
the Great Escape
Hello Dolly
Mr & Mrs Bridge
The Verdict
Road To Perdition
The Good, The Bad And The ugly
The Sting
The Red Berets
The Secret War Of Harry Frigg
The Shining
The Blob
The Birds
Harper
Sweet Bird Of Youth
The Long, Hot Summer
The Rack
Pocket Money
The Life And Times Of Judge Roy Bean
Who's Afraid Of Virginia Woolf
The Drowning Pool
Silent Movie
A Streetcar Named Desire
Slap Shot
Fatal Attraction
Harry & Son
The Color Of Money
 
Answer Stats
Answer % Correct
Cool Hand Luke
93%
The Sting
93%
The Color Of Money
89%
Cat On A Hot Tin Roof
79%
Towering Inferno
79%
Hud
75%
Slap Shot
71%
The Verdict
64%
Road To Perdition
61%
The Long, Hot Summer
61%
The Life And Times Of Judge Roy Bean
57%
Harry & Son
50%
The Drowning Pool
46%
Harper
43%
Mr & Mrs Bridge
39%
Sweet Bird Of Youth
39%
Pocket Money
36%
The Secret War Of Harry Frigg
36%
The Rack
32%
Silent Movie
18%
No matching quizzes found
Score Distribution
Percent of People with Each Score
Percentile by Number Answered
Your Score History
You have not taken this quiz